[Event "Baltic Sea Cup"]
[Site "Bornholm"]
[Date "2008.08.04"]
[Round "8"]
[White "Madsen, Jens Rysgaard"]
[Black "Kristensen, Torben"]
[Result "1-0"]
[WhiteElo "2088"]
[BlackElo "1262"]
[PlyCount "81"]
[EventDate "2008.07.29"]
[EventType "swiss"]
[EventRounds "10"]
[EventCountry "DEN"]
[SourceTitle "CBM 125 Extra"]
[Source "ChessBase"]
[SourceDate "2008.09.01"]
[SourceVersion "1"]
[SourceVersionDate "2008.09.01"]
[SourceQuality "1"]

1. e4 e6 2. d4 b6 3. Bd3 Bb7 4. Nf3 Nf6 5. Qe2 c5 6. c3 Nc6 7. Be3 d5 8. e5 Ne4 9. Nbd2 Nxd2 10. Qxd2 h6 11. 0-0 cxd4 12. Nxd4 Nxe5 13. Bb5+ Nd7 14. Nc6 Bxc6 15. Bxc6 Rc8 16. Bb5 Be7 17. Rae1 0-0 18. Bd3 Ne5 19. Bb1 Nc4 20. Qc2 f5 21. Bc1 Qd6 22. Qe2 Rf6 23. b3 Na5 24. g3 Rxc3 25. Bb2 Rc6 26. Bxf6 Bxf6 27. Kg2 Nb7 28. a3 Qxa3 29. Bxf5 exf5 30. Qe8+ Kh7 31. Qxc6 Nc5 32. Qxd5 Kg6 33. Qa8 Qxb3 34. Qxa7 Qd5+ 35. Kg1 Kg5 36. Qa3 Kg4 37. Qb4+ Kh3 38. f3 Bd4+ 39. Rf2 Bxf2+ 40. Kf1 Bxe1 41. Qh4# 1-0

[Event "Baltic Sea Cup"]
[Site "Bornholm"]
[Date "2008.07.30"]
[Round "2"]
[White "Madsen, Jens Rysgaard"]
[Black "Koop, Soeren"]
[Result "0-1"]
[WhiteElo "2088"]
[BlackElo "1897"]
[PlyCount "54"]
[EventDate "2008.07.29"]
[EventType "swiss"]
[EventRounds "10"]
[EventCountry "DEN"]
[SourceTitle "CBM 125 Extra"]
[Source "ChessBase"]
[SourceDate "2008.09.01"]
[SourceVersion "1"]
[SourceVersionDate "2008.09.01"]
[SourceQuality "1"]

1. e4 e5 2. Nf3 Nc6 3. Bc4 Bc5 4. 0-0 d6 5. d3 Bg4 6. Bxf7+ Kxf7 7. Ng5+ Qxg5 8. Bxg5 Bxd1 9. Rxd1 Nd4 10. Rd2 Nf6 11. c3 Ne6 12. Be3 Bxe3 13. fxe3 Rhf8 14. Re2 Ke7 15. Nd2 Nc5 16. d4 Ncxe4 17. dxe5 dxe5 18. Nf3 Ke6 19. h3 Rad8 20. Kh2 h6 21. Rc1 Rf7 22. g4 Rfd7 23. b3 Rd3 24. h4 Nxg4+ 25. Kg1 Rd1+ 26. Rxd1 Rxd1+ 27. Ne1 Ng3 0-1

[Event "Baltic Sea Cup"]
[Site "Bornholm"]
[Date "2008.07.29"]
[Round "1"]
[White "Rostgaard, Tobias Valentin"]
[Black "Madsen, Jens Rysgaard"]
[Result "1-0"]
[WhiteElo "2035"]
[BlackElo "2088"]
[PlyCount "51"]
[EventDate "2008.07.29"]
[EventType "swiss"]
[EventRounds "10"]
[EventCountry "DEN"]
[SourceTitle "CBM 125 Extra"]
[Source "ChessBase"]
[SourceDate "2008.09.01"]
[SourceVersion "1"]
[SourceVersionDate "2008.09.01"]
[SourceQuality "1"]

1. e4 e5 2. Nf3 Bc5 3. d4 exd4 4. Bc4 f6 5. c3 Qe7 6. 0-0 c6 7. cxd4 b5 8. Bxg8 Rxg8 9. dxc5 Qxc5 10. Qb3 Rf8 11. Bf4 d6 12. Rd1 Rf7 13. Bxd6 Qc4 14. Qe3 Be6 15. Nc3 b4 16. Nd5 Na6 17. Rac1 Qb5 18. Nf4 Bxa2 19. e5 0-0-0 20. e6 Rb7 21. e7 Re8 22. b3 Qf5 23. Rxc6+ Nc7 24. Ne6 Qb5 25. Bxc7 Qxc6 26. Rd8+ 1-0